|
|
|
|
| LEADER |
02153nam a2200349 a 4500 |
| 001 |
19005 |
| 003 |
BD-DhAAL |
| 005 |
20250114145639.0 |
| 008 |
091219s2007 maua b 001 0 eng d |
| 010 |
|
|
|a 2005050546
|
| 020 |
|
|
|a 0072967439 (alk. paper)
|
| 020 |
|
|
|a 9780072967432 (alk. paper)
|
| 040 |
|
|
|a DLC
|c DLC
|d YDX
|d BAKER
|d NLGGC
|d DLC
|d BD-DhAAL
|
| 082 |
0 |
0 |
|a 305.231
|2 22
|
| 084 |
|
|
|a 77.55
|2 bcl
|
| 100 |
1 |
|
|a Santrock, John W.
|9 36506
|
| 245 |
1 |
0 |
|a Child development /
|c John W. Santrock.
|
| 250 |
|
|
|a Eleventh edition.
|
| 260 |
|
|
|a Boston :
|b McGraw-Hill,
|c c2007.
|
| 300 |
|
|
|a xxxii, 585, [95] p. :
|b ill. (chiefly col.) ;
|c 29 cm.
|
| 504 |
|
|
|a Includes bibliographical references (p. R-1 - R-58) and indexes.
|
| 526 |
|
|
|a BIED
|x Fahmida Saadia Rahman
Senior Lecturer
Department of ESS.
Course name and no. N/A
|
| 541 |
1 |
|
|a Complimentary copy from BIED
Paragon Enterprise
|e 19005, 19006, 19007, 36178
|
| 650 |
|
0 |
|a Child development.
|9 36507
|
| 650 |
|
0 |
|a Child psychology.
|9 36508
|
| 852 |
4 |
|
|a Ayesha Abed Library
|j General Stacks
|
| 942 |
|
|
|2 ddc
|c BK
|
| 999 |
|
|
|c 6199
|d 6199
|
| 952 |
|
|
|0 0
|1 0
|2 ddc
|4 0
|6 305_231000000000000_SAN
|7 0
|9 6221
|a BRACUL
|b BRACUL
|c GEN
|d 2009-12-20
|e Paragon Enterprise Ltd.
|g 908.00
|l 0
|o 305.231 SAN
|p 3010019007
|r 2009-12-20
|t 3
|v 1816.00
|w 2009-12-20
|y BK
|x Requisitioned by Fahmida Saadia Rahman Department of ESS. Course name and no. N/A
|
| 952 |
|
|
|0 0
|1 0
|2 ddc
|4 0
|6 305_231000000000000_SAN_2007
|7 0
|9 6222
|a BRACUL
|b BRACUL
|c GEN
|d 2009-12-20
|e Paragon Enterprise Ltd.
|g 908.00
|l 0
|o 305.231 SAN
|p 3010019006
|r 2009-12-20
|t 2
|v 1816.00
|w 2009-12-20
|y BK
|x Requisitioned by Fahmida Saadia Rahman Department of ESS. Course name and no. N/A
|
| 952 |
|
|
|0 0
|1 0
|2 ddc
|4 0
|6 305_231000000000000_SAN
|7 0
|9 6223
|a BRACUL
|b BRACUL
|c GEN
|d 2009-12-20
|e Paragon Enterprise Ltd.
|g 908.00
|l 0
|o 305.231 SAN
|p 3010019005
|r 2009-12-20
|t 1
|v 1816.00
|w 2009-12-20
|y BK
|x Requisitioned by Fahmida Saadia Rahman Department of ESS. Course name and no. N/A
|
| 952 |
|
|
|0 0
|1 0
|2 ddc
|4 0
|6 305_231000000000000_SAN
|7 0
|9 66921
|a BRACUL
|b BRACUL
|c GEN
|d 2019-10-27
|e Complimentary copy from BIED
|l 0
|o 305.231 SAN
|p 3010036178
|r 2019-10-27
|t 4
|w 2019-10-27
|y BK
|x Transferred from BIED to General Stacks
|